Geographic information systems (GIS) compilation of geophysical, geologic, and tectonic data for the Circum-North Pacific /

Contains compilation of geophysical, geologic, and tectonic data for the Russian Far East, Alaska, Canadian Cordillera, and adjacent offshore areas.

Bibliographic Details
Main Author: Greninger, Mark L.
Corporate Author: Geological Survey (U.S.)
Other Authors: Klemperer, Simon, Nokleberg, Warren J., Aitken, D. S., Diggles, M. F.
Format: Government Document Software eBook
Language:English
Published: [Menlo Park, Calif.] : [Denver, Colo.] : U.S. Dept. of the Interior, U.S. Geological Survey ; [USGS Information Services (Open-File Report Sales)], [1999]
Edition:Version 1.0.
Series:U.S. Geological Survey open-file report ; 99-422.
Subjects:
Online Access:https://purl.fdlp.gov/GPO/LPS54195

MARC

Tag First Indicator Second Indicator Subfields
LEADER 00000cmm a2200000 a 4500
001 in00002011981
005 20211202202612.0
007 co ---
008 030304s1999 cau m f eng d
010 |a  2003626231 
020 |a 0607936231 
034 1 |a a  |d W1200000  |e W1150000  |f N0400000  |g N0800000 
035 |a (OCoLC)ocm51964525 
037 |a 9-780607-936230  |b USGS 
040 |a GIS  |c GIS  |d DLC  |d GPO  |d DLC  |d MvI  |d UtOrBLW 
042 |a lccopycat 
043 |a e-urf-- 
049 |a UDOC 
049 |a WWW 
050 0 0 |a G9236.C9 1999  |b .G7 
074 |a 0624-H 
074 |a 0624-H (online) 
086 0 |a I 19.76:99-422  |z I 19.76:99-422/VER.1.0 
100 1 |a Greninger, Mark L. 
245 1 0 |a Geographic information systems (GIS) compilation of geophysical, geologic, and tectonic data for the Circum-North Pacific /  |c by Mark L. Greninger, Simon L. Klemperer, and Warren J. Nokleberg ; contributors, D.S. Aitken [and others] ; Warren J. Nokleberg and Michael F. Diggles, editors. 
250 |a Version 1.0. 
255 |a Scale not given.  |c (W 120.00⁰--W 115.00⁰/N 40.00⁰--N 80.00⁰). 
264 1 |a [Menlo Park, Calif.] :  |b U.S. Dept. of the Interior, U.S. Geological Survey ;  |a [Denver, Colo.] :  |b [USGS Information Services (Open-File Report Sales)],  |c [1999] 
300 |a 1 CD-ROM :  |b color ;  |c 4 3/4 in. 
336 |a computer program  |b cop  |2 rdacontent 
337 |a computer  |b c  |2 rdamedia 
338 |a computer disc  |b cd  |2 rdacarrier 
490 1 |a Open-file report ;  |v 99-422 
538 |a System requirements for Windows: 95/98 or NT; 486 or higher processor (Pentium recommended); 64 MB RAM (128 recommended); 13 inch or larger VGA color monitor with 256 colors. 
538 |a System requirements for Macintosh: 68030 or higher processor (PowerPC recommended) running System 7 or later with 64 or more MB RAM (128 recommended); 13 in. or larger color monitor. ArcView 3.1 and ArcExplorer 1.1 are not available for Macintosh computers. GIS data require software able to read ESRI data formats. 
500 |a Title from title screen. 
500 |a Shipping list number: 2000-0023-E. 
520 |a Contains compilation of geophysical, geologic, and tectonic data for the Russian Far East, Alaska, Canadian Cordillera, and adjacent offshore areas. 
530 |a Also available via the Internet at the USGS Web site. Address as of 10/05/04: http://geopubs.wr.usgs.gov/open-file/of99-422; current access available via PURL. 
500 |a Electronic resource. 
650 0 |a Geophysics  |z North Pacific Region. 
651 0 |a Russian Far East (Russia) 
651 0 |a Cascade Range. 
700 1 |a Klemperer, Simon. 
700 1 |a Nokleberg, Warren J. 
700 1 |a Aitken, D. S. 
700 1 |a Diggles, M. F. 
710 2 |a Geological Survey (U.S.) 
830 0 |a U.S. Geological Survey open-file report ;  |v 99-422. 
856 4 0 |u https://purl.fdlp.gov/GPO/LPS54195  |t 0 
999 |a MARS 
999 f f |s 9abc0f00-8f15-38bd-9176-4374775b9a5b  |i abe47755-5f32-32bd-9a95-ce250d5595c1  |t 0 
952 f f |a Texas A&M University  |b College Station  |c Sterling C. Evans Library  |d Evans: US Documents (Annex 5th floor)  |t 0  |e I 19.76:99-422  |h Superintendent of Documents classification 
952 f f |a Texas A&M University  |b College Station  |c Electronic Resources  |d Available Online  |t 0  |e I 19.76:99-422  |h Superintendent of Documents classification 
998 f f |a I 19.76:99-422  |t 0  |l Evans: US Documents (Annex 5th floor) 
998 f f |a I 19.76:99-422  |t 0  |l Available Online